Combattants MMA FR #2 - Statistiques

Statistiques générales
  • Ce quiz a été pris 33 fois
  • Le résultat moyen est 3 sur 8
Statistiques - réponses
Par images Réponse % Correct
Mansour Barnaoui
71%
Cheick Kongo
61%
Gregory Bouchelaghem
55%
Karl Amoussou
32%
Tom Dusquenoy
32%
Cyrille Diabaté
29%
Ylies Djiroun
19%
David Baron
0%
Aucun quiz correspondant
Distribution des résultats
% des personnes avec chaque résultat
Percentile par nombre de réponses
Votre historique - résultats
Vous n’avez pas pris ce quiz